00430nam a22001577a 450000500170000001000170001702000230003402000260005703500170008303700180010008200080011810000210012624500470014726000490019430000290024320100503135747.0 aB-417288-323 a8172453043c160.00 a9788172453046c160.00 aB-417288-323 bPUB/Goodwill  a485 aStrumpf, Michael aThe complete grammar /cby Michael Strumpf aNew DelhibGoodwill Publishing Housec(201?) axv, 597p.:c24 cm. (Pbk)